| 000 | 01074nam0a22003131 4500 | ||
|---|---|---|---|
| 001 | v19\rc\1667319 | ||
| 005 | 20250619012243.0 | ||
| 035 | _a(NLR Aleph) 004775532 | ||
| 090 |
_a4649497 _c4649497 |
||
| 100 | _a20061002e18921892|||y0rusy50 ca | ||
| 101 | 0 | _arus | |
| 102 | _aRU | ||
| 105 | _ay z ||||| | ||
| 200 | 1 |
_aОдин из обыденных вопросов _eРознь родителей и детей |
|
| 210 |
_a[Санкт-Петербург] _cтип. Яздовского и К° _dценз. 1892 |
||
| 215 |
_a16 с. _d21 |
||
| 300 | _aВ конце текста: Р. Б-н | ||
| 309 | _aБез тит. л. и обл. | ||
| 311 | _aИз "Пед. и науч.-попул. журн. "Образование". Март 1892 г. | ||
| 488 | 0 |
_12001#$aОбразование$v1892, март _tОбразование |
|
| 701 | 1 |
_aБ-н _bР. |
|
| 801 | 0 |
_aRU _bNLR _gpsbo |
|
| 801 | 0 |
_aRU _bRuMoRGB _2psbo |
|
| 801 | 1 |
_aRU _bProSoft-M _2rusmarc |
|
| 852 |
_aNLR _j18.188.2.402 |
||
| 899 |
_aRuMoRGB _jU 394/90 |
||
| 899 | _aБАН | ||
| 942 | _cBOOK | ||
| 980 | _aNB | ||